| 000 | 00815nam a22002057a 4500 | ||
|---|---|---|---|
| 003 | NALT | ||
| 005 | 20230815100140.0 | ||
| 008 | th tha d | ||
| 040 | _aNALT | ||
| 041 | _atha | ||
| 090 |
_aอศ _bพ864ห |
||
| 245 | 0 | 0 | _aหลวงพ่อของเรา ศรัทธา อารมณ์ ความรัก ความรู้สึก. |
| 260 |
_aนครปฐม : _bเพชรเกษมการพิมพ์, _cม.ป.ป.. |
||
| 300 |
_a308 หน้า : _bภาพประกอบ ; _c29 ซม. |
||
| 600 | 0 | 4 |
_961343 _aหลวงพ่อพูล _xชีวประวัติ |
| 650 | 4 |
_aเครื่องรางของขลัง _922618 |
|
| 653 | 4 | _aวัตถุมงคล | |
| 850 | _aNALT | ||
| 942 |
_cCRE _2local |
||
| 999 |
_c72423 _d72423 |
||
| 998 |
_j104 _k นางสาวสายฝน ดีงาม |
||